000
00285nam a2200121Ia 4500
005
20251222144806.0
008
251222s9999||||xx |||||||||||||| ||spa||
020
_a
84-599-0581-0
082
_a
848.9/P87
100
_a
"Proust, Marcel"
245
0
_a
Por el camino de Swann
942
_c
LIB
999
_c
19906
_d
19906